UM Logo

Gale encyclopedia of e-commerce/ (Record no. 6051)

MARC details
000 -LEADER
fixed length control field 00493nam a22001577a 4500
008 - FIXED-LENGTH DATA ELEMENTS--GENERAL INFORMATION
fixed length control field 161216b xxu||||| |||| 00| 0 eng d
020 ## - INTERNATIONAL STANDARD BOOK NUMBER
International Standard Book Number 0787656607
082 ## - DEWEY DECIMAL CLASSIFICATION NUMBER
Edition number 2002
Classification number DRef 381.1
Item number G13
245 ## - TITLE STATEMENT
Title Gale encyclopedia of e-commerce/
Statement of responsibility, etc. edited by Jane A. Malonis.
260 ## - PUBLICATION, DISTRIBUTION, ETC. (IMPRINT)
Place of publication, distribution, etc. Detroit:
Name of publisher, distributor, etc. Gale Group,
Date of publication, distribution, etc. c2002.
300 ## - PHYSICAL DESCRIPTION
Extent 2 volumes;
Dimensions 29 cm.
500 ## - GENERAL NOTE
General note Includes index.
650 #0 - SUBJECT ADDED ENTRY--TOPICAL TERM
9 (RLIN) 18344
Topical term or geographic name as entry element Electronic commerce
Form subdivision Encyclopedia
700 ## - ADDED ENTRY--PERSONAL NAME
9 (RLIN) 18345
Personal name Malonis, Jane A.
Relator term Editor
942 ## - ADDED ENTRY ELEMENTS (KOHA)
Source of classification or shelving scheme Dewey Decimal Classification
Koha item type Reference
Holdings
Withdrawn status Lost status Source of classification or shelving scheme Materials specified (bound volume or other part) Damaged status Not for loan Collection code Home library Current library Date acquired Total Checkouts Full call number Barcode Date last seen Price effective from Koha item type
    Dewey Decimal Classification Vol. 1     Reference UM Digos College - LIC UM Digos College - LIC 02/04/2004   DRef 381.1 G13 2002 16541 05/15/2025 12/16/2016 Reference
    Dewey Decimal Classification Vol. 2     Reference UM Digos College - LIC UM Digos College - LIC 02/04/2004   DRef 381.1 G13 2002 16542 05/15/2025 12/16/2016 Reference